000 00394nam a2200145Ia 4500
008 220216s9999 xx 000 0 und d
100 _aWaddell Walter H
245 0 _aUse of nonblack fillers in tire compounds (1996 reviews)
260 _bRubber chemistry and Technology
_c1996
300 _a377-423
650 _a1996 reviews
650 _aFillers
700 _aEvans Larry R
942 _cJS
999 _c71879
_d71879